Giáo trình bệnh học trẻ em Dùng cho sinh viên ngành sư phạm mầm non
Giới thiệu những vấn đề đại cương về bệnh trẻ em, các bệnh thường gặp, bệnh chuyên khoa và bệnh truyền nhiễm ở trẻ. Tìm hiểu về thuốc, cách sử dụng thuốc cho trẻ em, phòng và xử trí ban đầu một số bệnh thường gặp cũng như giáo dục phòng bệnh và đảm bảo an toàn cho trẻ mầm non...
Αποθηκεύτηκε σε:
| Κύριος συγγραφέας: | |
|---|---|
| Μορφή: | Βιβλίο |
| Γλώσσα: | Vietnamese |
| Έκδοση: |
H.
Đại học Sư phạm
2014
|
| Έκδοση: | In lần thứ 6 |
| Θέματα: | |
| Ετικέτες: |
Προσθήκη ετικέτας
Δεν υπάρχουν, Καταχωρήστε ετικέτα πρώτοι!
|
| Thư viện lưu trữ: | Mạng thư viện Đại học Đà Nẵng |
|---|
| LEADER | 01590aam a22003618a 4500 | ||
|---|---|---|---|
| 001 | 000023154 | ||
| 003 | 19603 | ||
| 005 | 20150605080634.0 | ||
| 008 | 150601s2014 viesd | ||
| 020 | |c 35000 |d 2000b | ||
| 041 | 0 | |a vie | |
| 082 | 0 | 4 | |2 23 |a 618.92 |b LÊ-H |
| 100 | 1 | |a Lê Thị Mai Hoa | |
| 245 | 1 | 0 | |a Giáo trình bệnh học trẻ em |b Dùng cho sinh viên ngành sư phạm mầm non |c Lê Thị Mai Hoa |
| 250 | |a In lần thứ 6 | ||
| 260 | |a H. |b Đại học Sư phạm |c 2014 | ||
| 300 | |a 166 tr. |b hình vẽ, bảng |c 24 cm. | ||
| 504 | |a Thư mục: tr. 166 | ||
| 520 | |a Giới thiệu những vấn đề đại cương về bệnh trẻ em, các bệnh thường gặp, bệnh chuyên khoa và bệnh truyền nhiễm ở trẻ. Tìm hiểu về thuốc, cách sử dụng thuốc cho trẻ em, phòng và xử trí ban đầu một số bệnh thường gặp cũng như giáo dục phòng bệnh và đảm bảo an toàn cho trẻ mầm non | ||
| 650 | 0 | 4 | |2 Bộ TK TVQG |a Bệnh học |v Giáo trình |x Trẻ em |
| 653 | |a Bệnh học | ||
| 653 | |a Trẻ em | ||
| 655 | 7 | |2 Bộ TK TVQG |a Giáo trình | |
| OWN | |a LSP | ||
| AVA | |a UDN50 |b LSP |d 618.92 LÊ-H |e check_holdings |t Error 5003 Not defined in file expand_doc_bib_avail. |h N |k 1 | ||
| 999 | |a From the UDN01 | ||
| AVA | |a UDN50 |b LSP |d 618.92 LÊ-H |e available |t Error 5001 Not defined in file expand_doc_bib_avail. |f 30 |g 0 |h N |i 2 |k 1 | ||
| TYP | |a Monograph | ||
| TYP | |a Printed language | ||
| 980 | |a Mạng thư viện Đại học Đà Nẵng | ||